000 00358pab a2200157 454500
008 180718b2009 xxu||||| |||| 00| 0 eng d
100 _aJhunjhunwala, Bharat
245 _aHow World Bank prevents development
260 _c2009
300 _ap.9-10.
362 _a17 Oct
650 _aWorld Bank
773 _aMainstream
908 _aN
909 _a83980
999 _c83980
_d83980